| 000 | 00775nam a22002657a 4500 | ||
|---|---|---|---|
| 003 | CHAP | ||
| 005 | 20220817041910.0 | ||
| 008 | 971013s r 00010 d | ||
| 010 | _a28095 | ||
| 011 | _a29067 | ||
| 035 | _a33178 | ||
| 040 | _cCHAP | ||
| 090 | _aR-222 | ||
| 100 | 0 | 0 |
_aLamprecht, Herbert. _964605 |
| 245 | _aEin gen fur truncata-Samen bei Phaseolus | ||
| 500 | _aSobretiro de: Agri Hortique Genetica. 10:105-112, 1952 | ||
| 590 |
_aBATCH-UPD _b10 _c20130110 _lUCH01 _h1735 |
||
| 590 |
_aBATCH-UPD _b10 _c20130410 _lUCH01 _h1116 |
||
| 590 |
_aBATCH-UPD _b10 _c20130914 _lUCH01 _h1440 |
||
| 590 |
_aCONVERSION _b10 _c20130109 _lUCH01 _h1316 |
||
| 650 | 1 | 4 |
_aFrijol _xGenética. |
| 901 | _aBK | ||
| 942 | _cREIMP | ||
| 949 |
_aR-222 _bBC _cR _d-77090 _eTS1 _i33178 _si |
||
| 999 |
_c28095 _d28095 |
||